5HLuxD.jpg

KING HENRY VIII SENIOR AND PRIMARY SCHOOL LIBRARY OPAC

100 FACTS PLANT LIFE (Record no. 4410)

000 -LEADER
fixed length control field 00297nam a22001217a 4500
008 - FIXED-LENGTH DATA ELEMENTS--GENERAL INFORMATION
fixed length control field 250217b ||||| |||| 00| 0 eng d
020 ## - INTERNATIONAL STANDARD BOOK NUMBER
International Standard Book Number 9781789894868
082 ## - DEWEY DECIMAL CLASSIFICATION NUMBER
Classification number 580.7
100 ## - MAIN ENTRY--PERSONAL NAME
Personal name BEDEYORE,CAMILLA DE LA
245 ## - TITLE STATEMENT
Title 100 FACTS PLANT LIFE
260 ## - PUBLICATION, DISTRIBUTION, ETC.
Name of publisher, distributor, etc. MILES KELLY PUBLISHING LTD
942 ## - ADDED ENTRY ELEMENTS (KOHA)
Source of classification or shelving scheme
Holdings
Withdrawn status Lost status Source of classification or shelving scheme Damaged status Not for loan Collection code Permanent Location Current Location Shelving location Date acquired Cost, normal purchase price Total Checkouts Full call number Barcode Date last seen Date last checked out Cost, replacement price Price effective from Koha item type Public note
          Non-Fiction KH8 Primary School Library KH8 Primary School Library Non Fiction 2025-02-17 14.90 8 580.7 BED KHPL000006165 2026-01-19 2026-01-12 24.90 2025-02-17 Books - Non Ficton KH8 PRIMARY LIBRARY

Powered By KH8 IT Dept